| 000 | 01405cam a2200313 a 4500 | ||
|---|---|---|---|
| 999 |
_c26264 _d26264 |
||
| 001 | 2560002 | ||
| 005 | 20170203145919.0 | ||
| 008 | 950426s1996 enka b 001 0 eng | ||
| 010 | _a 95016561 | ||
| 020 | _a0521497477 (hc) | ||
| 050 | 0 | 0 | _aND813 .D3F56 1996 |
| 100 | 1 |
_aFinkelstein, Haim N., _d1940- |
|
| 245 | 1 | 0 |
_aSalvador Dali's art and writing, 1927-1942 : _bthe metamorphoses of Narcissus / _cHaim Finkelstein. |
| 260 |
_aCambridge ; _aNew York : _bCambridge University Press, _c1996. |
||
| 300 |
_axvi, 334 p. : _bill. ; _c26 cm. |
||
| 440 | 0 | _aRES monographs on anthropology and aesthetics | |
| 504 | _aIncludes bibliographical references (p. 312-317) and indexes. | ||
| 600 | 1 | 0 |
_aDalí, Salvador, _d1904-1989 _xCriticism and interpretation. |
| 600 | 1 | 0 |
_aDalí, Salvador, _d1904-1989 _xAesthetics. |
| 856 | 4 | 2 |
_3Publisher description _uhttp://www.loc.gov/catdir/description/cam027/95016561.html |
| 856 | 4 | 1 |
_3Table of contents _uhttp://www.loc.gov/catdir/toc/cam025/95016561.html |
| 942 |
_2lcc _cBOOKS |
||